Statistics for Top 100 Tallest Buildings and Towers

Click here to take the quiz!

General Stats

  • This quiz has been taken 55 times
  • The average score is 9 of 100

Answer Stats

CityAnswer% Correct
1DubaiBurj Khalifa
93%
3ShanghaiShanghai Tower
60%
2TokyoTokyo Skytree
60%
8TorontoCN Tower
56%
9New York CityWorld Trade Center
56%
13ChicagoWillis Tower
53%
25New York CityEmpire State Building
51%
4GuangzhouCanton Tower
42%
14TaipeiTaipei 101
38%
22Kuala LumpurPetronas Tower
33%
7SeoulLotte World Tower
20%
100TokyoTokyo Tower
18%
19St. PetersburgLakhta Center
13%
16Hong KongInternational Commerce Center
11%
20ChicagoJohn Hancock Center
11%
36DubaiPrincess Tower
11%
30New York City432 Park Avenue
9%
61Hong KongBank of China Tower
9%
31DubaiMarina 101
9%
5MeccaMecca Royal Clock Tower
9%
23NanjingZifeng Tower
9%
63ChicagoAon Center
7%
60BerlinBerliner Fernsehturm
7%
18ShanghaiOriental Pearl Tower
7%
73Las VegasStratosphere Tower
7%
76Hong KongThe Center
7%
94DubaiThe Torch
7%
37Kuwait CityAl Hamra Tower
4%
62New York CityBank of America Tower
4%
43GuangzhouCITIC Plaza
4%
91FrankfurtEuropaturm
4%
55MoscowFederation Tower
4%
34ShanghaiJin Mao Tower
4%
46KievKiev TV Tower
4%
33Kuala LumpurMenara Kuala Lumpur
4%
6ShenzhenPing An International Finance Center
4%
53TashkentTashkent TV Tower
4%
65GuangzhouThe Pinnacle
4%
32ChicagoTrump International Hotel
4%
41Dubai23 Marina
2%
40New York City30 Hudson Yards
2%
82New York City4 Times Square
2%
52Kaohsiung85 Sky Tower
2%
79Abu DhabiADNOC Headquarters
2%
57AlmatyAlma-Ata Tower
2%
64DubaiAlmas Tower
2%
29TehranBorj-e Milad
2%
83IstanbulCamlica Tower
2%
48RiyadhCapital Market Authority Headquarters
2%
54Hong KongCentral Plaza
2%
39BeijingCentral Radio Tower
2%
42ShenzhenChina Resources Headquarters
2%
12BeijingChina Zun Tower
2%
86ChongqingChongqing World Financial Center
2%
75ColomboColombo Lotus Tower
2%
80PhiladelphiaComacast Innovation and Technology Center
2%
96DubaiDamac Heights
2%
89HarbinDragon Tower
2%
50DubaiElite Residence
2%
70DubaiEmirates Office Tower
2%
49DalianEton Place Dalian Tower
2%
69TorontoFirst Canadian Place
2%
72ShenyangForum 66 Tower
2%
77Kuala LumpurFour Seasons Place Kuala Lumpur
2%
66DubaiGevora Hotel
2%
11GuangzhouGuangzhou CTF Center
2%
28GuanzhouGuangzhou International Finance Center
2%
74ShenzhenHanking Center Tower
2%
45ZhengzhouHenan Province Tower
2%
68DubaiJW Marriott Towers
2%
78HanoiKeangnam Hanoi Landmark Tower
2%
26ShenzhenKK100
2%
56Kuwait CityLiberation Tower
2%
88MacauMacau Tower
2%
87MoscowMercury City Tower
2%
99ChangzhouModern Media Center
2%
92MoscowMoscow Renaissance Towers
2%
44NanningNanning Logan Century 1
2%
71MoscowOKO Towers
2%
81ShenzhenOne Shenzhen Bay
2%
10MoscowOstaniko Tower
2%
59RigaRiga Radio and TV Tower
2%
98DubaiRose Rayhaan by Rotana
2%
67ShenzhenSEG Plaza
2%
15ShanghaiShanghai World Finnacial Center
2%
97ShanghaiShimao International Plaza
2%
47ShenzhenShun Hing Square
2%
58DubaiThe Address The BLVD
2%
24Kuala LumpurThe Exchange 106
2%
21ChangshaThe Wharf IFS Towers
2%
85WuxiThe Wharf Times Square
2%
90TiajinTiajin Modern City
2%
35TiajinTiajin Radio Tower
2%
93TianjinTianjin World Financial Center
2%
38Hong KongTwo International Finance Center
2%
17Ho Chi Minh CityVinhomes the Landmark 81
2%
84ChengduWest Pearl Tower
2%
95Las AngelesWilshire Grand Center
2%
51Abu DhabiWorld Trade Center Abu Dhabi
2%
27WuhanWuhan Center
2%

Score Distribution

Percentile by Number Answered

Percent of People with Each Score

Your Score History

You have not taken this quiz